header

The party's over (Record no. 49674)

MARC details
000 -LEADER
fixed length control field 01285nam a2200325Ia 4500
082 04 - DEWEY DECIMAL CLASSIFICATION NUMBER
Classification number 333.8/232
100 1# - MAIN ENTRY--AUTHOR NAME
Personal name Heinberg, Richard.
245 14 - TITLE STATEMENT
Title The party's over
260 ## - PUBLICATION, DISTRIBUTION, ETC. (IMPRINT)
Place of publication Gabriola, B.C. :
Name of publisher New Society Publishers,
Year of publication 2003.
300 ## - PHYSICAL DESCRIPTION
Number of Pages xii, 306 p. :
Other physical details ill.
650 #0 - SUBJECT ADDED ENTRY--TOPICAL TERM
Topical Term Petroleum industry and trade
Topical Term Petroleum reserves
Topical Term Renewable energy sources.
856 40 - ELECTRONIC LOCATION AND ACCESS
Uniform Resource Identifier http://site.ebrary.com/lib/rucke/Doc?id=10085515

No items available.

© 2026 Rongo University
Contact us: librarian | system librarian | Rongo university